Quizzes
Events
Quiz Creation
Community
Videos
Private Events
Remove Ads
Sign In
Join for FREE
Feedback
Dark Mode
Quiz Categories
Sports
Geography
Music
Movies
Television
Just For Fun
Miscellaneous
History
Literature
Language
Science
Gaming
Entertainment
Religion
Holiday
For Kids
Quiz Lab
Recent
Popular Today
Quiz Kudos Today
Editor Picks
Curator Picks
Quizzes by...
Day
Popularity
Type
Ratings
Length
Year
Community
Subscriptions
Recent Discussions
Orange Saloon
Badges
Playlists
Quests
Create
Leaderboards
Showdown
Live 5
Trivia Bingo
Activity
Puzzle Library
Sporcle Events
Private Events
Virtual Trivia
Globe League
Become a Host
Pub Owners
SporcleCon
Opinionation
Our Games
Videos
Blog
Mobile Apps
Partnerships
Remove Ads and Go Orange
Feedback
Gaming
Video Games
Board Games
Card Games
Pokémon
Mario
Nintendo
Minecraft
Console
Toys
Legend of Zelda
Gaming
Video Games
Board Games
Card Games
Pokémon
Mario
Nintendo
Minecraft
Console
Toys
Legend of Zelda
Random Quiz
Search Sporcle
×
Quiz Lab
Quiz Lab
Gaming
Video Games
Type in answers that appear in a list
Type in answers that appear in a list
Classic
Best Score? Go Orange.
Ultimate Halo Multiplayer Map Quiz Stats
Can you name all multiplayer maps for Halo CE, 2, 3, Reach, and 4?
By
GBears57
20m
117 Questions
359 Plays
359 Plays
359 Plays
Comments
Comments
Give Quiz Kudos
Give Quiz Kudos
-
- Ratings
hide this ad
Replay
Link that replays current quiz
Next Quiz
Link to next quiz in quiz playlist
You Got
0%
They Got
Avg Score
46%
Avg Friend Score
Upgrade to see
Score Distribution
Jump to the score distribution portion of the page
Score
0/117
Timer
20:00
0
Plays Today
Game
Map
% Correct
Halo Combat Evolved
Blood Gulch
86.1%
Halo 3
Valhalla
75.8%
Halo 3
Sandtrap
72.7%
Halo 3
The Pit
72.4%
Halo 3
Guardian
71%
Halo Combat Evolved
Battle Creek
69.4%
Halo 2
Lockout
68%
Halo 2
Zanzibar
67.7%
Halo 2
Beaver Creek
66.9%
Halo 2
Coagulation
66.9%
Halo 3
Snowbound
65.7%
Halo Combat Evolved
Hang 'Em High
64.9%
Halo 3
Blackout
64.6%
Halo Combat Evolved
Sidewinder
62.7%
Halo 2
Midship
62.7%
Halo 3
Sandbox
62.7%
Halo 3
Last Resort
61.6%
Halo 3
Avalanche
61.3%
Halo 3
Cold Storage
61%
Halo 3
Foundry
61%
Halo 3
High Ground
58.2%
Halo 3
Narrows
58.2%
Halo 3
Rat's Nest
57.4%
Halo 2
Ascension
57.1%
Halo 3
Epitaph
56.8%
Halo 2
Ivory Tower
55.7%
Halo 2
Warlock
55.7%
Halo 3
Construct
55.2%
Halo 3
Isolation
54.9%
Halo 2
Turf
54.6%
Halo 4
Haven
54%
Halo Combat Evolved
Rat Race
53.8%
Halo Combat Evolved
Wizard
52.9%
Halo 3
Heretic
52.1%
Halo 3
Standoff
51.8%
Halo 4
Ragnarok
51.8%
Halo Combat Evolved
Boarding Action
51.3%
Halo Reach
Spire
51%
Halo 3
Orbital
50.7%
Game
Map
% Correct
Halo 2
Sanctuary
50.4%
Halo 3
Ghost Town
50.1%
Halo Reach
Sword Base
49.9%
Halo Combat Evolved
Chill Out
49%
Halo Combat Evolved
Damnation
48.7%
Halo 3
Citadel
48.2%
Halo 2
Headlong
47.9%
Halo 3
Longshore
47.9%
Halo Reach
Powerhouse
47.9%
Halo 3
Assembly
47.6%
Halo Combat Evolved
Prisoner
47.4%
Halo 2
Waterworks
47.4%
Halo Reach
The Cage
46.2%
Halo Reach
Zealot
45.7%
Halo Reach
Hemorrhage
45.1%
Halo 2
Elongation
44.8%
Halo Reach
Boneyard
44.8%
Halo Reach
Pinnacle
44.8%
Halo Reach
Reflection
44.6%
Halo Combat Evolved
Timberland
44.6%
Halo Combat Evolved
Chiron TL-34
44.3%
Halo 2
Foundation
44.3%
Halo 2
Relic
44.3%
Halo 2
Tombstone
44.3%
Halo Combat Evolved
Longest
44%
Halo 2
Terminal
44%
Halo Reach
Countdown
43.2%
Halo Combat Evolved
Derelict
42.9%
Halo 2
Burial Mounds
42.9%
Halo 4
Exile
42.9%
Halo 2
Backwash
42.6%
Halo 4
Adrift
42.6%
Halo Combat Evolved
Infinity
42.1%
Halo 2
Containment
42.1%
Halo Reach
Asylum
42.1%
Halo Combat Evolved
Death Island
41.5%
Halo Reach
Boardwalk
41.2%
Halo 4
Pitfall
40.7%
Halo Reach
Anchor 9
40.4%
Game
Map
% Correct
Halo 2
Colossus
40.1%
Halo 2
Gemini
40.1%
Halo 4
Abandon
39.8%
Halo Reach
Paradiso
39.3%
Halo 4
Longbow
37.9%
Halo Combat Evolved
Danger Canyon
37.6%
Halo Combat Evolved
Gephyrophobia
37.6%
Halo 2
Desolation
37.6%
Halo 4
Vortex
36.2%
Halo Combat Evolved
Ice Fields
35.9%
Halo 4
Solace
35.9%
Halo Reach
Battle Canyon
35.7%
Halo 4
Forge Island
35.7%
Halo 2
District
35.4%
Halo 2
Uplift
35.4%
Halo 4
Complex
35.4%
Halo 4
Meltdown
35.4%
Halo 4
Harvest
35.4%
Halo Reach
Tempest
34.8%
Halo Reach
Highlands
33.7%
Halo 4
Skyline
33.4%
Halo 4
Vertigo
32.6%
Halo Reach
Breakneck
31.8%
Halo Reach
Breakpoint
31.8%
Halo 4
Wreckage
31.2%
Halo Reach
High Noon
30.6%
Halo 4
Shatter
30.6%
Halo 4
Monolith
30.4%
Halo Reach
Condemned
29.8%
Halo Reach
Ridgeline
29.8%
Halo 4
Daybreak
29.8%
Halo Reach
Penance
29.5%
Halo 4
Settler
29.2%
Halo 4
Landfall
29%
Halo Reach
Solitary
28.7%
Halo 4
Ascent
26.7%
Halo 4
Perdition
25.9%
Halo 4
Outcast
25.6%
Halo 4
Relay
25.1%
Quiz Playlist
Details
Report
Send in Message
Add To Playlist
Classic:
Type in answers that appear in a list
Last Updated: Feb 16, 2017
Quiz Scoreboard
CHALLENGE
Sign Up to Join the Scoreboard
Show All
Scores
Hide
Comments
May contain spoilers
Recently Published
Movies - When Are They Set?
by FPL_Elf
Movies
5m
Popular People in 1961
by mucciniale
History
6m
1-10 Letter E Words III
by El_Dandy
Language
2m
More to Explore
Quiz From the Vault
Featured Blog Post
Where Did the Easter Bunny Come From?
hide this ad
You Might Also Like...
Tags
Video Games Quiz
halo
Multiplayer Maps
War Multiplayer
Xbox
Xbox 360
Xbox Live
Today's Top Quizzes in Gaming
Browse Gaming
hide this ad
Today's Top Quizzes in Video Games
Browse Video Games
Top Contributed Quizzes in Gaming
1
Destiny 2 exotic weapons by perk icons
2
Ultimate Genshin Impact Logic Puzzle (up to 4.3)
3
5-to-1: Consoles
4
Genshin Impact Logic Puzzle Quiz
5
Franchise by Action Figure
6
Who's on the WWE 2K24 Cover?
7
Windmill: Pokémon
8
Legendary or Exotic?
9
Overwatch 2: Ultimate Ability Icons
10
5-to-1: Legend of Zelda
Explore More
Trending Topics
Kpop
NBA
Harry Potter
Anime
Crossword
Marvel
Disney
NFL
Soccer
WWE
Song
Puzzle
The Office
Country
Pokémon
hide this ad
More By:
GBears57
Quiz
Plays
Rating
Category
Featured
Created
Ultimate Halo Multiplayer Map Quiz
359
5.00
Gaming
Feb 17, 2014
Go to Creator's Profile
Score Distribution
Quiz Creator Spotlight
GBears57
Follow
Send a Message
Quizzes Created
-
Created Quiz Play Count
-
More By This Creator
Popular Quizzes Today
1
Find the Countries of Europe - No Outlines Minefield
2
Find the US States - No Outlines Minefield
3
The Countries of the World
4
Popular People in 1961
5
US States
6
1-10 Letter E Words III
7
Find the US States
8
One Thing in Common: World Cities II
More Gaming Quizzes
Tough Choices: Gaming Edition
Published
Trending Quizzes
Risky Map Clicking: Least Populous States A-Z
1-10 Letter F Words
1-10 Letter G Words
One Thing in Common: United Kingdom
Risky Map Clicking: Next State Alphabetically
Recently Updated
Leaping Animals
pecheneg
Reality TV Shows (A-Z)
bhenderson79
Rickey Henderson's Hall of Fame Teammates
pecheneg
Champions League XIs: Arsenal
pecheneg
Quick Pick: Celebrities in WWE's Hall of Fame
aduchscher
A-Z Keypad Blitz II
pecheneg
Multiple Oscar Actors
pecheneg
Mystery Phrase Blitz: Oscar 'Best Actors'
pecheneg
F. Scott Fitzgerald Novels
LTH
Pick 3 Villains
ddd62291
Trending Topics
NBA
Disney
Marvel
Anime
Kpop
Crossword
Harry Potter
Song
Puzzle
NFL
WWE
The Office
Country
Pokémon
Soccer
Your Account Isn't Verified!
In order to create a playlist on Sporcle, you need to verify the email address you used during registration. Go to your
Sporcle Settings
to finish the process.
Report this User
Report this user for behavior that violates our
Community Guidelines
.
Details:
Send Report
Go to the Sporcle.com Mobile Site →
Comments